000 03887cam a22012974i 4500
001 u8450
003 PE-LiUPU
005 20250813185647.0
008 151019s1998 ck rb 000 0 spa d
020 _a958200052X
020 _a9789582000523
035 _a(Sirsi) i9789582000523
040 _aPE-LiUPU
_bspa
_cPE-LiUPU
_erda
049 _aPRUA
082 0 4 _a370.008
_bM95
_2
100 1 _aMurcia Florián, Jorge,
_eautor.
245 1 0 _aInvestigar para cambiar /
_cJorge Murcia Florián.
250 _aTercera edición.
264 1 _aBogotá :
_bCooperativa Editorial Magisterio,
_c[1988].
300 _a86 páginas ;
_c21 centímetros
336 _atext
_2rdacontent
337 _aunmediated
_2rdamedia
338 _avolume
_2rdacarrier
490 0 _aColección mesa redonda
504 _aReferencias bibliográficas : páginas 80-86.
505 _aCaracterísticas de la investigación-acción-participante -- el proceso de retro-alimentación -- entre teoría y acción - teoría y cambio social -- el medio natural de la investigación-acción-participante: la universidad.
526 _aP202
526 _aP201
526 _aP163
526 _aP162
526 _aP161
526 _aP160
526 _aP148
526 _aP147
526 _aP146
526 _aP145
526 _aP144
526 _aP143
526 _aP142
526 _aP141
526 _aP140
526 _aP139
526 _aP138
526 _aP137
526 _aP136
526 _aP135
526 _aP134
526 _aP133
526 _aP129
526 _aP128
526 _aP127
526 _aP120
526 _aP119
526 _aP118
526 _aP116
526 _aP115
526 _aP114
526 _aP110
526 _aP109
526 _aP108
526 _aP104
526 _aP103
526 _aP102
526 _aP99
526 _aP98
526 _aP97
526 _aP96
526 _aP95
526 _aP93
526 _aP90
526 _aP89
526 _aP88
526 _aP83
526 _aP82
526 _aP62
526 _aP59
526 _aP58
526 _aP57
526 _aP51
526 _aP49
526 _aP48
526 _aP47
526 _aP29
526 _aP24
526 _aP20
526 _aP19
526 _aP17
526 _aP15
526 _aP14
526 _aP12
526 _aP10
526 _aP09
526 _aP08
526 _aP07
526 _aP06
526 _aP05
526 _aP04
526 _aP01
541 _g001-0039832;
596 _a1 2
650 0 4 _aEducación
_xInvestigaciones.
_91482
910 _acce
_bjck
_ccce
_d20151019
942 _2ddc
_cBOOK
994 _aC0
_bPEPRU
949 _a370.008 M95
_wDEWEY
_c1
_iFT02973
_lCCODEBUT1
_mBUT
_p12.81
_r0
_sY
_tBOOK
_u2015-10-19
_xBIBLIOTECA
_zUNKNOWN
_0COMPRA
_o.STAFF. Colección General
949 _a370.008 MR/1
_wDEWEY
_c1
_i42112
_f2018-2-12
_g2
_lCCODEBUL1
_mBUL
_r0
_sY
_tBOOK
_u2015-6-16
_xEDUCACION
_PP20
_0COMPRA
_o.STAFF. Colección General
949 _a370.008 MR/1
_wDEWEY
_c2
_i42111
_d2015-11-26
_e2015-11-18
_f2018-2-12
_g2
_lCCODEBUL1
_mBUL
_n1
_r0
_sY
_tBOOK
_u2015-6-16
_xEDUCACION
_PP20
_0COMPRA
_o.STAFF. Colección General
999 _a370.008 MR 1
_wDEWEY
_c59804
_i42112
_f2021-11-8
_g5
_lCCODEBUL1
_mBUL
_p12.81
_r0
_sY
_tBOOK
_u2015-6-16
_xEDUCACION
_PP20
_0COMPRA
_o.STAFF. Colección Ciencias Humanas y Educación
_d59804
999 _a370.008 MR 1
_wDEWEY
_c2
_i42111
_d2015-11-26
_e2015-11-18
_f2021-11-8
_g5
_lCCODEBUL1
_mBUL
_n1
_p12.81
_r0
_sY
_tBOOK
_u2015-6-16
_xEDUCACION
_PP20
_0COMPRA
_o.STAFF. Colección Ciencias Humanas y Educación
999 _a370.008 M95
_wDEWEY
_c1
_iFT02973
_lCCODEBUT1
_mBUT
_p12.81
_r0
_sY
_tBOOK
_u2015-10-19
_xBIBLIOTECA
_zUNKNOWN
_0COMPRA
_o.STAFF. Colección General
980 _81
_gALBERTO SANCHEZ Responsable de Automatización